000
00334 a2200133 4500
000
nam a22 7a 4500
100
_a
Viktor Benes
110
_a
Viktor Benes
245
_a
Smart City And Urban Digital Transformation
250
_a
latest edition
260
_b
Radiant pages
_c
2026
264
_b
Radiant pages
_c
2026
942
_c
BK
999
_c
395782
_d
395782